Normal view MARC view

Entry Topical Term

Number of records used in: 4

001 - CONTROL NUMBER

  • control field: 48563

003 - CONTROL NUMBER IDENTIFIER

  • control field: dpl

005 - DATE AND TIME OF LATEST TRANSACTION

  • control field: 20120606160632.0

008 - FIXED-LENGTH DATA ELEMENTS

  • fixed length control field: 120606|||a|||||| | ||| d

040 ## - CATALOGING SOURCE

  • Original cataloging agency: dpl
  • Transcribing agency: dpl

150 ## - HEADING--TOPICAL TERM

  • Topical term or geographic name as entry element: Geopolitics
  • Geographic subdivision: Nepal.

670 ## - SOURCE DATA FOUND

  • Source citation: Work cat.: (dpl): 48482 Baral, Lok Raj 1941-, Nepal, nation-state in the wilderness : , 2012

670 ## - SOURCE DATA FOUND

  • Source citation: Work cat.: (dpl): 48482 Baral, Lok Raj 1941-, Nepal, nation-state in the wilderness : , 2012

© Delhi Public Library
Hit Counter
free hit counter